Yadavas and their times (Record no. 356283)

000 -LEADER
fixed length control field 00358cam a22001217a 4500
008 - FIXED-LENGTH DATA ELEMENTS--GENERAL INFORMATION
fixed length control field 180718b1970 xxu||||| |||| 00| 0 eng d
082 ## - DEWEY DECIMAL CLASSIFICATION NUMBER
Classification number A6x5401 V53
100 ## - MAIN ENTRY--PERSONAL NAME
Personal name Verma, Onkar Prasad
245 ## - TITLE STATEMENT
Title Yadavas and their times
Statement of responsibility, etc. by Onkar Prasad Verma
260 ## - PUBLICATION, DISTRIBUTION, ETC.
Place of publication, distribution, etc. Nagpur
Name of publisher, distributor, etc. Vidarbha Samshodhan Mandal
Date of publication, distribution, etc. 1970
300 ## - PHYSICAL DESCRIPTION
Extent 404p.
650 ## - SUBJECT ADDED ENTRY--TOPICAL TERM
Topical term or geographic name entry element India - History, - to 1200
Holdings
Withdrawn status Lost status Damaged status Not for loan Permanent Location Current Location Date acquired Full call number Barcode Date last seen Price effective from Koha item type
        Indian Institute of Public Administration Indian Institute of Public Administration 1994-01-03 A6x5401 V53 47074 2018-07-21 2018-07-21 Book

Powered by Koha